| 000 | 00397nam a2200169Ia 4500 | ||
|---|---|---|---|
| 008 | 151213s9999 xx 000 0 und d | ||
| 020 | _a984-300-002699-8 | ||
| 100 | _aU G C | ||
| 245 |
_aHand Book University of BD.-2009 _cU G C |
||
| 250 | _a1st | ||
| 260 |
_aDhaka _bU G C _c2009 |
||
| 300 | _a7249 p. | ||
| 650 | _aReference | ||
| 650 | _aReference Book | ||
| 700 | _aU G C | ||
| 999 |
_c3850 _d3850 |
||